Loading...

Sears list of subject heading /

Bibliographic Details
Main Author: Miller, Joseph
Other Authors: Goodsell, Joan
Format: Printed Book
Language:English
Published: New York : H W Wilson, 2004.
Edition:18th ed.
Subjects:
LEADER 00623nam a2200169Ia 4500
008 160114b xxu||||| |||| 00| 0 eng d
082 |a 025.49 
100 |a Miller, Joseph 
245 |a Sears list of subject heading /  |c By Joseph Miller and Joan Goodsell 
250 |a 18th ed. 
260 |a New York :  |b H W Wilson,   |c 2004. 
300 |a 804 p. 
653 |a Controlled subject vocabularies 
700 |a Goodsell, Joan 
942 |c BK 
999 |c 143661  |d 143661 
952 |0 0  |1 0  |4 0  |6 025_490000000000000_MIL_S18  |7 0  |9 152932  |a LIS  |b LIS  |c ST1  |d 2006-04-05  |i 02333  |l 2  |m 1  |o 025.49 MIL/S18  |p LIS2333  |q 2022-01-17  |r 2021-12-18  |s 2021-12-18  |w 2016-07-26  |y BK